000 00999nam0a2200313 4500
001 RU\NLR\BIBL_A\011430572
005 20240727024054.0
010 _a9785171027728
_92000
021 _aRU
_b2017-42655
_93102
035 _a(RuMoRGB)008908800
035 _a(NLR Aleph) 011430572
090 _a11650807
_c11650807
100 _a20170703d2017 d y0rusy50 ca
101 0 _arus
102 _aRU
105 _a||||zzzz0|||y
200 1 _aСофья и волшебный медальон
_e[для среднего школьного возраста]
_fНадежда Чубарова
210 _aМосква
_cАСТ
_d2017
215 _a413, [2] с.
_d22
225 1 _aСерия "Сердце дракона"
333 _a12+
686 _aШ9(2)6=Р72-45
_2rubbk
686 0 _aШ9(2)62=Р7-4
700 1 _aЧубарова
_bН. А.
_gНадежда Александровна
942 _cBOOK
980 _aNBR